书目信息 |
| 题名: |
计算机网络组网与配置技术
|
|
| 作者: | 王相林 编著 | |
| 分册: | ||
| 出版信息: | 北京 清华大学出版社 2012 |
|
| 页数: | 17,527页 | |
| 开本: | 26cm | |
| 丛书名: | ||
| 单 册: | ||
| 中图分类: | TP393 | |
| 科图分类: | ||
| 主题词: | 计算机网络--基本知识 , 计算机网络 | |
| 电子资源: | ||
| ISBN: | 978-7-302-30444-9 | |
| 000 | 00780nam0 2200229 450 | |
| 001 | 139504 | |
| 005 | 20140912122914.57 | |
| 010 | @a978-7-302-30444-9@dCNY 49.50 | |
| 100 | @a20130105d2012 em y0chiy50 ea | |
| 101 | 0 | @achi |
| 102 | @aCN@b110000 | |
| 105 | @aa z 000yy | |
| 200 | 1 | @a计算机网络组网与配置技术@Aji suan ji wang luo zu wang yu pei zhi ji shu@b专著@f王相林编著 |
| 210 | @a北京@c清华大学出版社@d2012 | |
| 215 | @a17,527页@c图@d26cm | |
| 330 | @a本书共17章,内容包括:组网与配置基础知识、计算机网络基本技术、传输介质和组网连接方法、网络设备、综合布线技术等。 | |
| 606 | 0 | @a计算机网络@x基本知识 |
| 606 | 0 | @a计算机网络 |
| 690 | @aTP393@v5 | |
| 701 | 0 | @a王相林@Awang xiang lin@f(1953 )@4编著 |
| 801 | 0 | @aCN@b110017@c20140912 |
| 905 | @a241430@dTP393@eW3802 | |
| 计算机网络组网与配置技术/王相林编著.-北京:清华大学出版社,2012 |
| 17,527页:图;26cm |
| ISBN 978-7-302-30444-9:CNY 49.50 |
| 本书共17章,内容包括:组网与配置基础知识、计算机网络基本技术、传输介质和组网连接方法、网络设备、综合布线技术等。 |
| ● |
| 相关链接 |
|
|
|
正题名:计算机网络组网与配置技术
索取号:TP393/W3802
 
预约/预借
| 序号 | 登录号 | 条形码 | 馆藏地/架位号 | 状态 | 备注 |
| 1 | 0830999 | 208309999 | 自科库301/301自科库 117排2列5层/ [索取号:TP393/W3802] | 在馆 | |
| 2 | 0831000 | 208310004 | 自科库301/301自科库 117排2列5层/ [索取号:TP393/W3802] | 在馆 | |
| 3 | 0831001 | 208310013 | 自科库301/301自科库 117排2列5层/ [索取号:TP393/W3802] | 在馆 |